| 000 | 00000nas 2200000za 4500 |
| 001 | 9.503960 |
| 003 | CaOODSP |
| 005 | 20221107133334 |
| 007 | cr ||||||||||| |
| 008 | 150406d19972009pichr p o||||f| |0fre|d |
| 040 | |aCaOODSP|bfre |
| 043 | |an-cn--- |
| 086 | 1 |aV1-6F-PDF |
| 110 | 1 |aCanada. |bAnciens combattants Canada. |
| 245 | 10|aStratégie de développement durable |h[ressource électronique]. |
| 260 | |a[Charlottetown, Île-du-Prince-Édouard] : |bAnciens Combattants Canada |
| 310 | |aTriennal |
| 362 | 1 |aParaît depuis 1997; ne paraît plus après 2007-2009. |
| 500 | |aLégères variantes dans le titre. |
| 691 | 07|aDéveloppement durable|2gcpds |
| 691 | 07|aAncien combattant|2gcpds |
| 775 | 08|tSustainable development strategy |w(CaOODSP)9.507572 |